| 000 | 00884cam a2200229 4500 | ||
|---|---|---|---|
| 001 | ABS68289 | ||
| 008 | 040924n2004 000 0 eng u | ||
| 035 | _a(Sirsi) u127519 | ||
| 100 | _aPitman, J. | ||
| 245 | _aE-learning in construction | ||
| 260 | _c2004 | ||
| 490 |
_aContract Journal _v425(6493) 15 September 2004, 19(1) |
||
| 520 | _aReports on the progress of CPD as an essential part of professional life. Highlights the increased use of online learning. Details some of the online services on offer, such as www.cpdconstruction.com, www.tttrain.co.uk and www.redvector.com. Suggests this learning medium can complement other sources of continuous training. | ||
| 590 | _aABS | ||
| 590 | _aABS | ||
| 650 | _aCPD | ||
| 650 | _aE-LEARNING | ||
| 650 | _aONLINE LEARNING | ||
| 650 | _aLIFELONG LEARNING | ||
| 690 | _aTRAINING AND CAREER DEVELOPMENT | ||
| 942 | _n0 | ||
| 999 |
_c118053 _d118053 |
||